Mannschaften der Regionalliga Südwest 2024/25 - Statistiken

Allgemein
  • Dieses Quiz wurde 62 mal gespielt
  • Das Durchschnittsergebnis liegt bei 14 aus 18
Antwortstatistiken
Mannschaften % Korrekt
FSV Frankfurt
98%
Kickers Offenbach
98%
FC 08 Homburg
95%
Eintracht Frankfurt II⁠
90%
Stuttgarter Kickers
90%
TSG 1899 Hoffenheim II⁠
90%
KSV Hessen Kassel
85%
SC Freiburg II
83%
1. FSV Mainz 05 II⁠
76%
SG Barockstadt Fulda-Lehnerz
76%
SV Eintracht Trier
76%
FC Astoria Walldorf
73%
Bahlinger SC
71%
FC Gießen
71%
SGV Freiberg
66%
FC 08 Villingen
63%
TSV Steinbach Haiger
61%
1. Göppinger SV
56%
Keine übereinstimmenden Quizze gefunden
Verteilung der Resultate
Anzahl Personen mit jedem Resultat
Perzentil nach korrekt beantworteten Fragen
Ihre Resultats-Entwicklung
Sie haben dieses Quiz noch nicht gespielt